Statistics for European Capitals with the Least Sunshine

Click here to take the quiz!

General Stats

  • This quiz has been taken 12,646 times
  • The average score is 7 of 10

Answer Stats

hours/year capital % Correct
1,633London
96%
1,626Berlin
86%
1,447Dublin
85%
1,662Paris
81%
1,662Amsterdam
80%
1,323Reykjavik
79%
1,546Brussels
76%
1,619Warsaw
73%
1,588Vilnius
43%
1,516Vaduz
29%

Score Distribution

Percentile by Number Answered

Percent of People with Each Score

Your Score History

You have not taken this quiz